5-Letter Movie Titles Quiz Stats

 Plays Quiz Updated Nov 13, 2018

     
Support Sporcle.
Go Orange.
Score 0/34 Timer 08:00
6 Plays Today
Year / Actor / Actor Movie % Correct
1976 Sylvester Stallone / Talia ShireRocky
88.1%
1994 Keanu Reeves / Sandra BullockSpeed
68.6%
1979 Sigourney Weaver / Tom SkerrittAlien
65.2%
2005 Will Smith / Eva MendesHitch
58.1%
2003 Ben Affleck / Jennifer LopezGigli
50.9%
2008 Liam Neeson / Maggie GraceTaken
47.6%
1996 William H. Macy / Frances McDormandFargo
46.5%
2006 Adam Sandler / Kate BeckinsaleClick
42.1%
1998 Wesley Snipes / Stephen DorffBlade
40.5%
2002 Mel Gibson / Joaquin PhoenixSigns
35.1%
1999 Matt Damon / Kevin SmithDogma
33.1%
2008 Sylvester Stallone / Julie BenzRambo
32.9%
2008 Meryl Streep / Philip Seymour HoffmanDoubt
31.6%
2004 Sandra Bullock / Matt Dillon Crash
29.4%
2003 Shia LaBeouf / Sigourney WeaverHoles
29.4%
2003 Cuba Gooding Jr. / Ed HarrisRadio
25%
2002 Salma Hayek / Alfred MolinaFrida
24.9%
Year / Actor / Actor Movie % Correct
2006 Jason Statham / Dwight YoakamCrank
22.2%
2003 Jessica Alba / Mekhi PhiferHoney
19.6%
2006 Brad Pitt / Cate BlanchettBabel
19.4%
1991 Warren Beatty / Annette BeningBugsy
17.9%
2000 Gwyneth Paltrow / Huey LewisDuets
16.1%
1996 Geoffrey Rush / John GielgudShine
15.6%
1998 Robert De Niro / Jean RenoRonin
15.4%
1977 Jane Fonda / Vanessa RedgraveJulia
10.1%
2007 Hayden Christensen / Jessica AlbaAwake
9.3%
1995 Anthony Hopkins / Joan AllenNixon
9%
2006 Woody Allen / Scarlett JohanssonScoop
8.6%
2005 Uma Thurman / Meryl StreepPrime
7.3%
1992 Jack Nicholson / Armand AssanteHoffa
5.3%
1993 Ethan Hawke / Vincent SpanoAlive
4.8%
1988 Mitsuo Iwata / Nozomu SasakiAkira
4.4%
2001 Gene Hackman / Rebecca PidgeonHeist
4.2%
2006 Laurence Fishburne / Anthony HopkinsBobby
1.8%

From the Vault

Find Five: 16th Century Things

by eyes355

History 6m
Where are you likely to find five 16th century things? In a museum, probably.
Remove Ads.
Support Sporcle.
Get the best of Sporcle when you Go Orange. This ad-free experience offers more features, more stats, and more fun while also helping to support Sporcle. Thank you for becoming a member.

Show Comments

Extras

Top Quizzes Today


Score Distribution

Your Account Isn't Verified!

In order to create a playlist on Sporcle, you need to verify the email address you used during registration. Go to your Sporcle Settings to finish the process.

Report this User

Report this user for behavior that violates our Community Guidelines.

Details: